| 000 | 01070cam a22002771i 4500 | ||
|---|---|---|---|
| 003 | SA-RiAUC | ||
| 005 | 20250602084721.0 | ||
| 008 | 250602s2004____||| g 000 0dara c | ||
| 040 |
_aSA-JeALM _bara _cSA-RiAUC _erda |
||
| 082 | 0 | 4 | _a229.5 |
| 090 |
_a229.5 _b ا ب و ز |
||
| 100 | 1 |
_aأبو زيد، حمدي حمزة عبد الله، _d1355 هجري- _eمؤلف. |
|
| 245 | 1 | 0 |
_aفك أسرار ذي القرنين ويأجوج ومأجوج / _cحمدي بن حمزة أبو زيد. |
| 250 | _aالطبعة الأولى. | ||
| 264 | 1 |
_aالرياض : _bحمدي حمزة عبد الله أبو زيد، _c2004 |
|
| 300 |
_a541 صفحة؛ _c24 سم. |
||
| 336 |
_aنص _btxt _2rdacontent _3كتاب |
||
| 337 |
_aبدون وسيط _bn _2rdamedia |
||
| 338 |
_aمجلد _bnc _2rdacarrier |
||
| 600 | 0 | 7 |
_aذو القرنين (شخصية قرآنية) _2aucnm |
| 630 | 2 | 7 |
_aالقرآن _xقصص _2aucut |
| 650 | 7 |
_aيأجوج ومأجوج (سمعيات) _2aucsh |
|
| 730 | 2 | 2 | _aالقرآن |
| 942 |
_2ddc _cBOOK _n0 |
||
| 949 |
_aSA-JeALM _d250602 _umohamedma123 _n1 |
||
| 999 |
_c8642 _d8642 |
||